| 000 | 00706nam a2200205 a 4500 | ||
|---|---|---|---|
| 001 | 000021983 | ||
| 005 | 20200930011530.0 | ||
| 008 | 100915s2002 mx r 000 c spa d | ||
| 020 | _a9688345857 | ||
| 040 |
_aDO-SdBNP _bspa _cBNPHU |
||
| 082 |
_aNNN _bA283ó |
||
| 100 | 1 |
_aAguilera Garramuño, Tulio, _d1949- _945568 |
|
| 245 | 1 | 0 |
_aEl ojo en la sombra : _bAntología de narrativa / _cMarco Tulio Aguilera Garramuño ; selección y estudio de Peter G. Broad. |
| 260 |
_aMéxico : _bUniversidad Veracruzana, _c2002. |
||
| 300 |
_a263, [6] p. ; _c21 cm. |
||
| 490 | 1 | _aFicción | |
| 500 | _aIncluye nota y referencias bibliográficas al pie de las páginas | ||
| 830 | 0 |
_aFicción _921922 |
|
| 049 | _aBNGR | ||
| 999 |
_c21481 _d21481 |
||